Online katalóg knižníc regiónu Turca

Dôsledný chlapík ; (Record no. 20694)

MARC details
000 -LEADER
fixed length control field 00850nam a22002652 4500
001 - CONTROL NUMBER
control field 20694
003 - CONTROL NUMBER IDENTIFIER
control field CZ PrNK
005 - DATE AND TIME OF LATEST TRANSACTION
control field 20260130102118.0
008 - FIXED-LENGTH DATA ELEMENTS--GENERAL INFORMATION
fixed length control field 960522s1980 xo slo
040 ## - CATALOGING SOURCE
Original cataloging agency ABA001
Language of cataloging cze
Transcribing agency ABA001
Modifying agency ABA001
041 1# - LANGUAGE CODE
Language code of text/sound track or separate title slo
Language code of original ita
100 1# - MAIN ENTRY--PERSONAL NAME
Personal name Veraldi, Attilio,
Dates associated with a name 1925-1999
Relationship aut
245 10 - TITLE STATEMENT
Title Dôsledný chlapík ;
Remainder of title Veľké peniaze /
Statement of responsibility, etc. Attilio Veraldi ; prel. Ivan Gavora a Terézie Gasparíková ; ilustr. Lumír Krátký
250 ## - EDITION STATEMENT
Edition statement 1. vyd.
260 ## - PUBLICATION, DISTRIBUTION, ETC.
Place of publication, distribution, etc. Bratislava :
Name of publisher, distributor, etc. Slovenský spisovateľ,
Date of publication, distribution, etc. 1980
300 ## - PHYSICAL DESCRIPTION
Extent 388 s. :
Other physical details il. ;
Dimensions
490 1# - SERIES STATEMENT
Series statement Zelená knižnica
700 1# - ADDED ENTRY--PERSONAL NAME
Personal name Gašparíková, Terézia,
Dates associated with a name 1951-
Relationship trl
700 1# - ADDED ENTRY--PERSONAL NAME
Personal name Gavora, Ivan
Relationship trl
740 02 - ADDED ENTRY--UNCONTROLLED RELATED/ANALYTICAL TITLE
Uncontrolled related/analytical title Veľké peniaze
765 0# - ORIGINAL LANGUAGE ENTRY
Title Uomo di conseguenza a La Mazzetta
830 #0 - SERIES ADDED ENTRY--UNIFORM TITLE
Uniform title Zelená knižnica
910 ## - USER-OPTION DATA (OCLC)
User-option data ABA001
942 ## - ADDED ENTRY ELEMENTS (KOHA)
Source of classification or shelving scheme Dewey Decimal Classification
Koha item type Krásna literatúra pre dospelých
Suppress in OPAC No
Holdings
Stav vyradenia Strata Poškodenie Spôsob nadobudnutia Domovská knižnica Aktuálna knižnica Dátum nadobudnutia Total checkouts Čiarový kód exemplára Date last seen Typ exemplára
      Dar Obecná knižnica Horná Štubňa Obecná knižnica Horná Štubňa 30.01.2026   4736200825 30.01.2026 Krásna literatúra pre dospelých
Projekt je podporený Slovenskou asociáciou knižníc
Prevádzkuje Turčianska knižnica Martin 2026